000 00890nam a22001577a 4500
003 OSt
005 20150918084236.0
008 150918b xxu||||| |||| 00| 0 eng d
040 _cRUA
082 _aAGR LUY 2005 B031 Or.1
100 _9715
_aLUY, KETTANA.
245 _aEffect of chemical fungicide use on tomato diseases at dey eth-sre ampel agricultural research and development center during wet season ប្រសិទ្ធភាពនៃការប្រើប្រាស់ថ្នាំផ្សិតគីមីលើជំងឺនៃដំណាំប៉េងប៉ោះនៅមណ្ឌលពិសោធន៍ស្រាវជ្រាវនិងអភិវឌ្ឍន៍កសិកម្មដីឥដ្ឋ ស្រែអំពិលនារដូវវស្សា
260 _aPhnom Penh
_bRUA
_c2005
300 _axii; 52p.
_bill.
_c29cm.
942 _2ddc
_cAGR
999 _c688
_d688